书目信息 |
| 题名: |
常见病辩证自疗验方精选
|
|
| 作者: | 李刘坤 编著 | |
| 分册: | ||
| 出版信息: | 北京 农村读物出版社 1996 |
|
| 页数: | 224页 | |
| 开本: | 20cm | |
| 丛书名: | 新编家庭生活实用书库 | |
| 单 册: | ||
| 中图分类: | R289.5 | |
| 科图分类: | ||
| 主题词: | 常见病--验方 , 常见病 , 验方 | |
| 电子资源: | ||
| ISBN: | 7-5048-2722-3 | |
| 000 | 00891oam2 2200277 45 | |
| 001 | 012006200016 | |
| 005 | 20070110161905.90 | |
| 010 | @a7-5048-2722-3@dCNY9.00 | |
| 092 | @aCN@b501464 | |
| 100 | @a20060809e19981996em y0chiy0120 ea | |
| 101 | 0 | @achi |
| 102 | @aCN@b110000 | |
| 105 | @ay z 000yy | |
| 200 | 1 | @a常见病辩证自疗验方精选@Achang jian bing bian zheng zi liao yan fang jing xuan@f李刘坤编著@Fli liu kun bian zhu |
| 210 | @a北京@c农村读物出版社@d1996@h1998重印 | |
| 215 | @a224页@d20cm | |
| 225 | 2 | @a新编家庭生活实用书库@h第一批 |
| 330 | @a本书主要采用医学病名,介绍了内科、儿科、妇产科、男科以及五官科、皮肤科等100多种常见病。 | |
| 461 | 0 | @12001 @a新编家庭生活实用书库 |
| 606 | 0 | @a常见病@x验方 |
| 606 | 0 | @a常见病 |
| 606 | 0 | @a验方 |
| 690 | @aR289.5@v4 | |
| 701 | 0 | @a李刘坤@Ali liu kun@4编著 |
| 801 | 0 | @aCN@bLZJBOOK@c20070110 |
| 905 | @a10447@dR289.5@e202 | |
| 常见病辩证自疗验方精选/李刘坤编著.-北京:农村读物出版社,1996(1998重印) |
| 224页;20cm.-(新编家庭生活实用书库.第一批) |
| ISBN 7-5048-2722-3:CNY9.00 |
| 本书主要采用医学病名,介绍了内科、儿科、妇产科、男科以及五官科、皮肤科等100多种常见病。 |
| ● |
| 相关链接 |
|
|
|
|
正题名:常见病辩证自疗验方精选
索取号:R289.5/202
 
预约/预借
| 序号 | 登录号 | 条形码 | 馆藏地/架位号 | 状态 | 备注 |
| 1 | 0556673 | 205566733 | 第二样本阅览室/ [索取号:R289.5/202] | 在馆 | |
| 2 | 0556674 | 205566742 | 教育系资料室/ [索取号:R289.5/202] | 在馆 | |
| 3 | 0556675 | 205566751 | 教育系资料室/ [索取号:R289.5/202] | 在馆 | |
| 4 | 0556676 | 205566760 | 第三借阅区/ [索取号:R289.5/202] | 在馆 | |
| 5 | 0556677 | 205566779 | 教育系资料室/ [索取号:R289.5/202] | 在馆 | |
| 6 | 0556678 | 205566788 | 第三借阅区/ [索取号:R289.5/202] | 在馆 | |
| 7 | 0556679 | 205566797 | 第三借阅区/ [索取号:R289.5/202] | 在馆 | |
| 8 | 0556680 | 205566804 | 第三借阅区/ [索取号:R289.5/202] | 在馆 |